000 00705nam a2200265Ia 4500
003 OSt
005 20220912151545.0
006 a|||||r|||| 00| 0
007 ta
008 220909b |||||||| |||| 00| 0 eng d
024 _a24655
037 _cTextual
040 _aCSL
_beng
_cCSL
041 _aeng
082 _aB7:353, M9
100 _aHerrin Jackson R Ed.
245 0 _aLecture notes on turbulence
260 _aSingapore
_bWorld Scientific
_c1989
300 _a371p.
_ccm.
650 _a Dyanamics
650 _aChaos
700 _a McWilliams James C Ed.
942 _hB7:353, M9
_cTEXL
_2CC
999 _c71278
_d71278